Statistics for Elements by Letter - C

Click here to take the quiz!

General Stats

  • This quiz has been taken 124 times
  • The average score is 10 of 12

Answer Stats

Answer% Correct
Calcium
96%
Cadmium
95%
Carbon
93%
Chromium
91%
Californium
89%
Cobalt
89%
Chlorine
88%
Curium
88%
Cesium
86%
Copper
84%
Cerium
77%
Copernicium
71%

Score Distribution

Percentile by Number Answered

Percent of People with Each Score

Your Score History

You have not taken this quiz